| 000 | 01153nam0a22003371 4500 | ||
|---|---|---|---|
| 001 | rc\2187659 | ||
| 005 | 20260406123903.0 | ||
| 035 | _a(NLR Aleph) 006544430 | ||
| 090 |
_a6671969 _c6671969 |
||
| 100 | _a20110826d1978 |||y0rusy50 ca | ||
| 101 | 0 | _arus | |
| 102 | _aRU | ||
| 105 | _aac z ||||| | ||
| 200 | 1 | _aИздано Парижской Коммуной | |
| 210 |
_aМосква _cКнига _d1978 |
||
| 215 |
_a125 с. _cил., портр. _d20 |
||
| 320 | _aУказ имен, брошюр и листовок, газет: с. 119-124 | ||
| 606 |
_aПечать Парижской Коммуны 1871 _2psbo |
||
| 686 |
_aч612.3(4Фр)52-042 _2rubbk |
||
| 686 |
_aТ3(4Фр)521,014 _2rubbk |
||
| 700 | 1 |
_7ca _8rus _aМаневич _bС. М. _f1918-2001 _gСусанна Марковна _9216622 _3RU\NLR\AUTH\770216678 |
|
| 712 | 0 | 2 |
_aПарижская коммуна _3RU\NLR\AUTH\8816744 _9306752 |
| 801 | 0 |
_aRU _bNLR _gpsbo |
|
| 801 | 1 |
_aRU _bELAR _2rusmarc |
|
| 852 |
_aNLR _j78-3/6985 |
||
| 899 |
_aRuMoRGB _jБ 78-23/807 |
||
| 899 |
_aRuMoRGB _jБ 78-23/808 |
||
| 899 |
_aRuMoRGB _jМК |
||
| 942 | _cBOOK | ||
| 980 | _aNB | ||